কবিতা যখন দ্বন্দ্ব / (Record no. 13867)
[ view plain ]
| 000 -LEADER | |
|---|---|
| fixed length control field | 00776nam a2200217 a 4500 |
| 001 - CONTROL NUMBER | |
| JCCL Control Number | 13867 |
| 003 - CONTROL NUMBER IDENTIFIER | |
| JCCL marc code | BD-JhCC |
| 005 - DATE AND TIME OF LATEST TRANSACTION | |
| control field | 20240425134434.0 |
| 008 - FIXED-LENGTH DATA ELEMENTS--GENERAL INFORMATION | |
| fixed length control field | 220216s 2012bg |||| |||| 000 0 ben d |
| 035 ## - SYSTEM CONTROL NUMBER | |
| system control number | (BD-JhCC)13867 |
| 040 ## - CATALOGING SOURCE | |
| Original cataloging agency | BD-JhCC |
| Modifying agency | BD-JhCC |
| 041 ## - LANGUAGE CODE | |
| Language code of Book | bangali |
| 082 ## - DEWEY DECIMAL CLASSIFICATION NUMBER | |
| Classification number | 891.4415 |
| Author mark and Year | BAN 2012 |
| 100 ## - MAIN ENTRY--PERSONAL NAME | |
| Personal name | বাংলাভাষী, মোহাম্মদ আসাদউল্লাহ্ |
| 245 ## - TITLE STATEMENT | |
| Title | কবিতা যখন দ্বন্দ্ব / |
| Statement of responsibility, etc | মোহাম্মদ আসাদউল্লাহ্ বাংলাভাষী। |
| 260 ## - PUBLICATION, DISTRIBUTION, ETC. (IMPRINT) | |
| Place of publication, distribution, etc | ঢাকা : |
| Name of publisher, distributor, etc | রিদম পাবলিকেশন; |
| Date of publication, distribution, etc | 2012. |
| 300 ## - PHYSICAL DESCRIPTION | |
| Pagination | ৩১ পৃ. : |
| Dimensions | ২১ সেমি. |
| 650 ## - SUBJECT ADDED ENTRY--TOPICAL TERM | |
| Topical term or geographic name as entry element | Bengali Poem. |
| 942 ## - ADDED ENTRY ELEMENTS (KOHA) | |
| Source of classification or shelving scheme | Dewey Decimal Classification |
| Koha item type | Books |
| Koha issues (borrowed), all copies | 2 |
| Source of classification or shelving scheme | Damaged status | Not for loan | Home library | Current library | Shelving location | Date of accession | Source of acquisition | Cost, normal purchase price | Total Checkouts | Full call number | Barcode | Date last seen | Copy number | Method of acquisition | Koha item type | Currency |
|---|---|---|---|---|---|---|---|---|---|---|---|---|---|---|---|---|
| Dewey Decimal Classification | JCC Rouf Library | JCC Rouf Library | General Stacks | With The Compliments Of 7th Intake | 100.00 | 891.4415 BAN 2012 | 19176 | 04/25/2024 | C-1 | Gift/Donation | Books | BDT |